00630nam a2200193Ia 4500008004100000100002300041245003800064245002200102260002500124260000900149300003200158440009100190650001300281650002300294650001400317650001200331999001900343952007400362200115s9999 xx 000 0 und d aWalker, Anna-Kaisa aYour optometrist wishes you knew/ cAnna-Kaisa Walker bReader's Digest Asia c2019 aPages 64-65, September 2019 aAsia Reader's Digest: My Coma Miracle Cyclist's Triumph after horror accidentv116:679 aeye care aoptical technology aoptometry avisions c362936d362936 001040aLuxbLuxd2020-01-15l0r2020-01-15 00:00:00w2020-01-15ySE